| 000 | 00000nas 2200000za 4500 |
| 001 | 9.502634 |
| 003 | CaOODSP |
| 005 | 20250616110254 |
| 007 | cr ||||||||||| |
| 008 | 150406c19989999oncar p o f0 b0fre|d |
| 040 | |aCaOODSP|bfre |
| 043 | |an-cn--- |
| 086 | 1 |aCC260F-PDF |
| 110 | 2 |aCentre national des arts (Canada) |
| 245 | 10|aRapport annuel |h[ressource électronique] / |cCentre national des arts. |
| 260 | |aOttawa : |bCentre national des arts. |
| 310 | |aAnnuel |
| 362 | 1 |aParaît depuis 1997/1998. |
| 500 | |aChaque livr. comporte un titre distinct. |
| 500 | |aPublié aussi en anglais sous le titre : Annual report. |
| 691 | 07|aArts d'interprétation|2gcpds |
| 775 | 08|tAnnual report |w(CaOODSP)9.506237 |